[Event "Blagoevgrad op"]
[Site "Blagoevgrad"]
[Date "2013.10.04"]
[Round "9"]
[White "Zahariev, Ognyan"]
[Black "Vasileva, Cveta"]
[Result "0-1"]
[WhiteElo "1868"]
[BlackElo "1564"]
[PlyCount "68"]
[EventDate "2013.09.28"]
[EventType "swiss"]
[EventRounds "9"]
[EventCountry "BUL"]
[SourceTitle "CBM 156 Extra"]
[Source "ChessBase"]
[SourceDate "2013.10.22"]
[SourceVersion "1"]
[SourceVersionDate "2013.10.22"]
[SourceQuality "1"]

1. e4 e6 2. d4 d5 3. e5 c5 4. c3 Nc6 5. Be3 b6 6. Nf3 Nge7 7. Be2 Nf5 8. 0-0 Be7 9. Nbd2 0-0 10. g4 Nxe3 11. fxe3 f6 12. Bb5 Bd7 13. Bd3 fxe5 14. dxe5 Bg5 15. Qe2 Qe7 16. Kg2 g6 17. Qe1 Bh6 18. h4 c4 19. Bc2 Be8 20. b3 b5 21. Nd4 Nxe5 22. g5 Bg7 23. Rxf8+ Bxf8 24. Nxb5 Bxb5 25. Qg3 Bg7 26. Qh3 Rf8 27. Re1 Nd3 28. Bxd3 cxd3 29. c4 dxc4 30. bxc4 Bd7 31. e4 Qc5 32. Nf3 Qxc4 33. Rh1 Qc2+ 34. Kg3 Qe2 0-1

[Event "Blagoevgrad op"]
[Site "Blagoevgrad"]
[Date "2013.10.02"]
[Round "7"]
[White "Zahariev, Ognyan"]
[Black "Okov, Mario"]
[Result "0-1"]
[WhiteElo "1868"]
[BlackElo "1743"]
[PlyCount "74"]
[EventDate "2013.09.28"]
[EventType "swiss"]
[EventRounds "9"]
[EventCountry "BUL"]
[SourceTitle "CBM 156 Extra"]
[Source "ChessBase"]
[SourceDate "2013.10.22"]
[SourceVersion "1"]
[SourceVersionDate "2013.10.22"]
[SourceQuality "1"]

1. e4 c5 2. Nf3 Nc6 3. d4 cxd4 4. Nxd4 e5 5. Nf3 Nf6 6. Nc3 Bb4 7. Nd2 d5 8. Bd3 Qa5 9. Nxd5 Nxd5 10. exd5 Qxd5 11. 0-0 Be6 12. Bc4 Qd7 13. c3 Be7 14. Bxe6 Qxe6 15. Qe2 0-0 16. Re1 f5 17. f4 e4 18. Qc4 Qxc4 19. Nxc4 b5 20. Ne3 Bc5 21. Kf2 Rad8 22. Ke2 Bxe3 23. Bxe3 Rd3 24. Rad1 Rfd8 25. Rxd3 Rxd3 26. Rd1 Rxd1 27. Kxd1 Kf7 28. b3 Ke6 29. c4 bxc4 30. bxc4 a6 31. a3 Na5 32. c5 Kd5 33. Kc2 Nc4 34. Bc1 Kxc5 35. Kc3 g6 36. a4 a5 37. g3 Kd5 0-1

[Event "Blagoevgrad op"]
[Site "Blagoevgrad"]
[Date "2013.09.30"]
[Round "4"]
[White "Portokalski, Yordan"]
[Black "Zahariev, Ognyan"]
[Result "1-0"]
[WhiteElo "1664"]
[BlackElo "1868"]
[PlyCount "65"]
[EventDate "2013.09.28"]
[EventType "swiss"]
[EventRounds "9"]
[EventCountry "BUL"]
[SourceTitle "CBM 156 Extra"]
[Source "ChessBase"]
[SourceDate "2013.10.22"]
[SourceVersion "1"]
[SourceVersionDate "2013.10.22"]
[SourceQuality "1"]

1. e4 c5 2. Nf3 Nc6 3. d4 cxd4 4. Nxd4 a6 5. Be3 e6 6. Nc3 Qc7 7. Qd2 Nf6 8. f3 b5 9. 0-0-0 b4 10. Nce2 d5 11. Nxc6 Qxc6 12. Nf4 Bb7 13. exd5 Nxd5 14. Nxd5 exd5 15. Bd3 Be7 16. Rhe1 0-0 17. Bf4 Bf6 18. Qxb4 Rac8 19. Bf5 Rcd8 20. Qd2 Bc8 21. Bd3 Be6 22. Bg5 Bxg5 23. Qxg5 Rb8 24. Qh4 g6 25. Qf6 Qb6 26. h4 h5 27. Bxg6 fxg6 28. Qxg6+ Kh8 29. Qh6+ Kg8 30. Qxe6+ Qxe6 31. Rxe6 Rf4 32. Rxd5 Rxh4 33. b3 1-0

[Event "Blagoevgrad op"]
[Site "Blagoevgrad"]
[Date "2013.09.28"]
[Round "1"]
[White "Zahariev, Ognyan"]
[Black "Dlugy, Maxim"]
[Result "0-1"]
[WhiteElo "1868"]
[BlackElo "2524"]
[PlyCount "67"]
[EventDate "2013.09.28"]
[EventType "swiss"]
[EventRounds "9"]
[EventCountry "BUL"]
[SourceTitle "CBM 156 Extra"]
[Source "ChessBase"]
[SourceDate "2013.10.22"]
[SourceVersion "1"]
[SourceVersionDate "2013.10.22"]
[SourceQuality "1"]

1. e4 c5 2. Nf3 d6 3. d4 cxd4 4. Nxd4 Nf6 5. Nc3 Nc6 6. Be2 e5 7. Nf3 h6 8. Be3 Be6 9. Qd2 Qa5 10. 0-0 Rc8 11. a3 a6 12. h3 Be7 13. Rad1 0-0 14. Ne1 Rfd8 15. Bf3 Kf8 16. Qc1 Bc4 17. Nd3 Nd4 18. Bxd4 exd4 19. Ne2 Qb6 20. Qb1 d5 21. Ng3 Bd6 22. exd5 Bxg3 23. fxg3 Bxd5 24. Kh2 Qc7 25. Ne1 Be4 26. Rd2 h5 27. h4 Bxf3 28. gxf3 Nd5 29. Rxd4 Ne3 30. Rxd8+ Rxd8 31. Rf2 Rd1 32. Qa2 Rxe1 33. Qb3 Nf1+ 34. Kh3 0-1

[Event "EU-ch 14th"]
[Site "Legnica"]
[Date "2013.05.11"]
[Round "7"]
[White "Zahariev, Ognyan"]
[Black "Szonyi, Bence"]
[Result "1-0"]
[WhiteElo "1913"]
[BlackElo "1651"]
[PlyCount "81"]
[EventDate "2013.05.05"]
[EventType "swiss"]
[EventRounds "11"]
[EventCountry "POL"]
[SourceTitle "CBM 155"]
[Source "ChessBase"]
[SourceDate "2013.07.16"]
[SourceVersion "1"]
[SourceVersionDate "2013.07.16"]
[SourceQuality "1"]

1. e4 e6 2. d4 d5 3. e5 c5 4. c3 Nc6 5. Be3 cxd4 6. cxd4 Bb4+ 7. Nc3 Qa5 8. Qd2 Bd7 9. Nh3 Nge7 10. Be2 0-0-0 11. 0-0 f6 12. f4 Nf5 13. a3 Bxc3 14. bxc3 Nxe3 15. Qxe3 Ne7 16. Nf2 Nf5 17. Qd2 fxe5 18. fxe5 Bb5 19. Nd3 Bxd3 20. Qxd3 Kb8 21. a4 Rc8 22. Rf3 Rc4 23. Bd1 Rhc8 24. Ra3 Nxd4 25. cxd4 Qe1+ 26. Rf1 Qh4 27. a5 Rxd4 28. Qb1 Rb4 29. Qa1 Rf4 30. Raf3 Rxf3 31. Bxf3 Qc4 32. Rb1 Qc5+ 33. Kh1 Qc3 34. Qxc3 Rxc3 35. a6 b6 36. Bg4 Re3 37. Bxe6 Rxe5 38. Bg4 Kc7 39. Rc1+ Kd6 40. Kg1 d4 41. Bf3 1-0